000 00304nam a22001337a 4500
008 180302b xxu||||| |||| 00| 0 eng d
020 _a9780135027288
041 _aeng
080 _a721
100 _a41
101 _aNDE
245 _aSustainable construction and deisgn
_cLeffers,R
942 _2udc
_cBK
999 _c43983
_d43983